000
00278nam a2200109Ia 4500
008
190914s9999||||xx |||||||||||||| ||und||
100
_a
Marc Hamilton
245
0
_a
Software Development Building Reliable Systems
260
_a
USA
_b
McGraw Hill
_c
2000
300
_a
691
942
_c
BK
999
_c
8416
_d
8416